IPD UK monthly property index (Record no. 110455)

MARC details
000 -LEADER
fixed length control field 01271cad a22002295a 4500
001 - CONTROL NUMBER
control field L149278
008 - FIXED-LENGTH DATA ELEMENTS--GENERAL INFORMATION
fixed length control field 100215s2010 xxkad f s 000 0 eng d
035 ## - SYSTEM CONTROL NUMBER
System control number (Sirsi) u149278
041 0# - LANGUAGE CODE
Language code of text/sound track or separate title eng
050 04 - LIBRARY OF CONGRESS CALL NUMBER
Classification number 333.33 $2 18
110 2# - MAIN ENTRY--CORPORATE NAME
Corporate name or jurisdiction name as entry element Investment Property Databank
9 (RLIN) 2288
245 00 - TITLE STATEMENT
Title IPD UK monthly property index
Remainder of title end January 2010
Medium [electronic resource]
260 ## - PUBLICATION, DISTRIBUTION, ETC.
Place of publication, distribution, etc. London
Name of publisher, distributor, etc. IPD
Date of publication, distribution, etc. 2010
490 #0 - SERIES STATEMENT
Series statement IPD UK Monthly Property Index
Volume/sequential designation January 2010
520 ## - SUMMARY, ETC.
Summary, etc. City and West End offices resumed rental growth in January at 0.2% and 0.3% respectively in a month which also saw all property positive capital growth ease to 1.0%. The broader office sector delivered flat rental value growth. Rental value growth in the retail and industrial sectors was -0.3% and -0.2% respectively. All property initial yields are now 7.0%. The 12-month change in capital growth is -1.7% ? the shallowest negative annual rate since October 2007.
590 ## - LOCAL NOTE (RLIN)
Local note KA NTK
650 24 - SUBJECT ADDED ENTRY--TOPICAL TERM
Topical term or geographic name entry element IPD UK MONTHLY PROPERTY INDEX
651 #4 - SUBJECT ADDED ENTRY--GEOGRAPHIC NAME
Geographic name United Kingdom
Chronological subdivision
690 ## - LOCAL SUBJECT ADDED ENTRY--TOPICAL TERM (OCLC, RLIN)
Topical term or geographic name as entry element PROPERTY-COMMERCIAL PROPERTY-COMMERCIAL PROPERTY MARKET
856 40 - ELECTRONIC LOCATION AND ACCESS
Uniform Resource Identifier <a href="https://www.ipd.com/OurProducts/Indices/UnitedKingdom/UKMonthly/tabid/921/Default.aspx">https://www.ipd.com/OurProducts/Indices/UnitedKingdom/UKMonthly/tabid/921/Default.aspx</a>
Public note View this report free of charge at www.ipd.com...
942 ## - ADDED ENTRY ELEMENTS (KOHA)
Suppress in OPAC 0
Holdings
Withdrawn status Lost status Source of classification or shelving scheme Damaged status Not for loan Home library Current library Shelving location Date acquired Total Checkouts Full call number Barcode Date last seen Copy number Price effective from Koha item type
    Dewey Decimal Classification     Virtual Virtual Online 16/02/2010   ONLINE PUBLICATION 149278-2001 06/08/2019 1 06/08/2019 Book